UM Logo

Problemang Mindanao ugat at pag-unawa : (Record no. 24054)

MARC details
000 -LEADER
fixed length control field 00686nam a22001937a 4500
005 - DATE AND TIME OF LATEST TRANSACTION
control field 20251028102932.0
008 - FIXED-LENGTH DATA ELEMENTS--GENERAL INFORMATION
fixed length control field 251015b |||||||| |||| 00| 0 eng d
020 ## - INTERNATIONAL STANDARD BOOK NUMBER
International Standard Book Number 9786214501397
082 ## - DEWEY DECIMAL CLASSIFICATION NUMBER
Classification number DFil 899.2114358 Sa295 2021
100 ## - MAIN ENTRY--PERSONAL NAME
Personal name Sakili, Abraham P.
9 (RLIN) 68851
245 ## - TITLE STATEMENT
Title Problemang Mindanao ugat at pag-unawa :
Remainder of title dalawang sanaysay /
Statement of responsibility, etc. Abraham P. Sakili.
260 ## - PUBLICATION, DISTRIBUTION, ETC. (IMPRINT)
Place of publication, distribution, etc. Manila :
Name of publisher, distributor, etc. KWF Publikasyon,
Date of publication, distribution, etc. ©2021.
300 ## - PHYSICAL DESCRIPTION
Extent 50 pages :
Other physical details illustrations ;
Dimensions 20 cm.
500 ## - GENERAL NOTE
General note Includes references.
650 #0 - SUBJECT ADDED ENTRY--TOPICAL TERM
Topical term or geographic name as entry element Filipino essays.
9 (RLIN) 69008
650 #0 - SUBJECT ADDED ENTRY--TOPICAL TERM
Topical term or geographic name as entry element Mindanao (Philippines)
Form subdivision History.
9 (RLIN) 69009
650 #0 - SUBJECT ADDED ENTRY--TOPICAL TERM
Topical term or geographic name as entry element Mindanao (Philippines)
General subdivision Social life and customs.
9 (RLIN) 69010
942 ## - ADDED ENTRY ELEMENTS (KOHA)
Source of classification or shelving scheme Dewey Decimal Classification
Koha item type Filipiniana
Holdings
Withdrawn status Lost status Source of classification or shelving scheme Damaged status Not for loan Collection code Home library Current library Date acquired Source of acquisition Cost, normal purchase price Total Checkouts Full call number Barcode Date last seen Price effective from Koha item type
    Dewey Decimal Classification     Filipiniana UM Digos College - LIC UM Digos College - LIC 08/11/2025 Purchased 495.00   DFil 899.2114358 Sa295 2021 29043 10/15/2025 10/15/2025 Filipiniana